000 00377 a2200169 4500
001 182835
020 _a978-85-02-07285-5
040 _cMagnum
100 _aVicente, Gil
240 1 0 _aAuto da barca do inferno
_lpor
245 1 0 _aAuto da barca do inferno
300 _a86
362 0 _a2008
440 1 _aSaraiva
697 _aLITERATURA GERAL ESTRANGEIRA
942 _cBK
999 _c182835
_d182835